Traces in the desert : journeys of discovery across Central Asia (Record no. 81399)

MARC details
000 -LEADER
fixed length control field 00845nam a2200241Ia 4500
008 - FIXED-LENGTH DATA ELEMENTS--GENERAL INFORMATION
fixed length control field 191130s2008##################000#0#eng##
020 ## - INTERNATIONAL STANDARD BOOK NUMBER
ISBN 9781845113377
082 ## - DEWEY DECIMAL CLASSIFICATION NUMBER
Classification number 915.80443 BAU
100 ## - MAIN ENTRY--AUTHOR NAME
Personal name Baumer, Christoph
245 ## - TITLE STATEMENT
Title Traces in the desert : journeys of discovery across Central Asia
Statement of responsibility, etc Christoph Baumer
260 ## - PUBLICATION, DISTRIBUTION, ETC. (IMPRINT)
Place of publication London
Name of publisher I.B. Tauris
Year of publication 2008
300 ## - PHYSICAL DESCRIPTION
Number of Pages xxi, 218 p., [32] p. of plates : ill. (chiefly col.), maps
500 ## - GENERAL NOTE
General note Includes bibliographical references (p. [203]-208) and index
650 ## - SUBJECT ADDED ENTRY--TOPICAL TERM
Topical Term Asia, Central - Antiquities
Topical Term Asia, Central - Civilization
Topical Term Asia, Central - Description and travel
Topical Term Baumer, Christoph - Travel - Asia, Central
991 ## -
-- 114548
Holdings
Withdrawn status Lost status Damaged status Not for loan Home library Current library Shelving location Date acquired Full call number Accession Number Price effective from Koha item type
        Anna Centenary Library Anna Centenary Library 7TH FLOOR, B WING 09.10.2020 915.80443 BAU 465424 09.10.2020 English Books

Find us on the map